000 01293cam a22003254a 4500
001 13550178
003 OSt
005 20160913182549.0
008 040407s2004 enka b 001 0 eng
010 _a 2004045921
020 _a9780521543101
040 _aDLC
_cDLC
_dDLC
042 _apcc
050 0 0 _aQA76.9.L63
_bH88 2004
082 0 0 _a005.115
_222
_bHUT 2004
100 1 _aHuth, Michael.;Ryan, Mark,
_d1962-
_96401
245 1 0 _aLogic in computer science :
_bmodelling and reasoning about systems
250 _a2nd ed.
260 _bCambridge University Press,
_c2004.
300 _axiv, 427 p. :
_bill. ;
_c25 cm.
504 _aIncludes bibliographical references (p. 414-417) and index.
650 0 _aComputer logic.
_96402
650 0 _aLogic programming.
_96403
856 4 1 _3Sample text
_uhttp://www.loc.gov/catdir/samples/cam041/2004045921.html
856 4 1 _3Table of contents
_uhttp://www.loc.gov/catdir/toc/cam041/2004045921.html
856 4 2 _3Publisher description
_uhttp://www.loc.gov/catdir/description/cam041/2004045921.html
906 _a7
_bcbc
_corignew
_d1
_eocip
_f20
_gy-gencatlg
942 _2ddc
_cSLOAN
999 _c2753
_d2753